| 000 | 00886nam a2200289Ia 4500 | ||
|---|---|---|---|
| 001 | Z_739 | ||
| 003 | CHAP | ||
| 008 | 220113s1979 xx 000 0 und d | ||
| 010 | _a163832 | ||
| 040 | _cCHAP | ||
| 090 | _aTesis G 43 | ||
| 100 |
_aGarcía Aguilar, D. Daniel _945677 |
||
| 245 |
_aUtilización de la médula de caña de desecho como fuente de energía en raciones para borregos / _cpor Daniel García Aguilar |
||
| 260 |
_aChapingo, Méx. : _bEl autor, _c1979 |
||
| 300 | _a34 h. | ||
| 502 | _aTesis (Ing. Agrónomo Esp. en Zootecnia) -- UACH. Departamento de Zootecnia | ||
| 650 |
_aCaña de azúcar como forraje _918673 |
||
| 650 |
_aCaña de azúcar _xSubproductos _918648 |
||
| 650 |
_aDietas _932541 |
||
| 650 |
_aGanado lanar _xAlimentación _945153 |
||
| 901 | _aTESIS G 43 | ||
| 902 | _aM | ||
| 910 | _a1979 | ||
| 942 | _c2 | ||
| 942 | _c2 | ||
| 999 |
_c163832 _d163832 |
||